000 00816nam a2200229 i 4500
001 bg
100 1 _aPOCHANKE, Andrzej
245 1 0 _aModele obwodowo-polowe pośrednio sprzężone silników bezzestykowych z uwarunkowaniami zasilania /
_cAndrzej Pochanke.
260 _aWarszawa :
_bOficyna Wydawnicza PW,
_c1999.
300 _a115, [1] s. :
_brys., wykr. ;
_c24 cm.
490 1 _aPrace Naukowe / Politechnika Warszawska. Elektryka,
_x0137-2319 ;
_vz.110
500 _aOpis według okł. - Streszcz. ang.
504 _aBibliogr. s. 106-114.
650 9 _aSilniki elektryczne
_xbadanie
650 9 _aNapęd elektryczny
830 0 _aPrace Naukowe (Politechnika Warszawska).
_pElektryka
040 _cBPK
041 0 _apl
_ben
080 _a621.313
942 _cKS
008 s pl f |000 0 pol
999 _c37919
_d37919
856 _uhttp://koha.tu.koszalin.pl/cgi-bin/koha/opac-detail.pl?biblionumber=37919
_yKatalog online BPK